000 00234nam a2200097Ia 4500
001 649514
005 20250826153743.0
008 250824s9999 xx 000 0 und d
245 0 _aKARBON GÜNLÜKLERİ 2017
_cSACI LLOYD
260 _bTUDEM
999 _c649514
_d649514